[Event "Warsaw Najdorf Memorial op-A 16th"]
[Site "Warsaw"]
[Date "2018.07.13"]
[Round "6"]
[White "Bartel, Mateusz"]
[Black "Romanishin, Oleg M"]
[Result "1-0"]
[WhiteElo "2604"]
[BlackElo "2440"]
[Annotator "Bartel,M"]
[PlyCount "121"]
[EventDate "2018.07.08"]
[EventType "swiss"]
[EventRounds "9"]
[EventCountry "POL"]
[SourceTitle "CBM 186"]
[Source "ChessBase"]
[SourceDate "2018.09.14"]
[SourceVersion "1"]
[SourceVersionDate "2018.09.14"]
[SourceQuality "1"]

1. d4 Nf6 2. c4 e6 3. Nf3 Bb4+ 4. Nbd2 d5 {My opponent didn't expect this
opening from me and here he has decided to go for something unbeaten, to
surprise me as well,} 5. Qa4+ Nc6 6. a3 {With a knight on c3, which is normal
in the Ragozin Defence, this move isn't that strong. But now, when taking on
d2 doesn't damage White's pawn structure, it's good.} Be7 (6... Bxd2+ 7. Bxd2
Ne4 8. e3 O-O 9. Qc2 $14) 7. e3 (7. Ne5 $6 O-O $1 8. Nxc6 bxc6 $11) 7... O-O 8.
Bd3 a5 {The best move - the plan is to put a pawn on a4 and paralyse White's
queenside.} (8... Bd7 9. Qc2 $14) 9. O-O Bd7 10. Qc2 $2 ({Natural move, but
not optimal. It was very necessary to play} 10. Qd1 $1 {to have an option of
Bd3-c2 in the event of a5-a4. After} a4 {there is quite forced and crucial
line:} 11. Bc2 dxc4 12. Nxc4 b5 13. Nce5 Nxe5 14. dxe5 $1 (14. Nxe5 c5) 14...
Nd5 15. Qd3 g6 16. e4 Nb6 17. Bh6 Re8 18. Qe3 c5 19. Qf4 {and it seems that
later, with h4-h5, White should be able to create a serious attack.}) 10... a4
{Of course!} 11. Ne5 Be8 12. Ndf3 Na5 $1 {Strong move. Now the position is
equal and it's visible that Black's plan of a5-a4 has been succesful.} 13. Bd2
dxc4 ({Collecting the pair of bishops by} 13... Nb3 14. Rad1 Nxd2 15. Rxd2 {
wouldn't be too wise, as White's dark-squared bishop isn't very useful at the
moment, while the black knight is a strong piece.}) 14. Nxc4 Nxc4 {The
exchange of the knight from e5 for the knight on a5 is, of course, a good
thing.} ({There was an option of} 14... Nb3 15. Rad1 Bb5 16. Bc3 c6 17. e4 h6
18. Rfe1 {, but conceding all the centre to White looks extremely suspicious.})
15. Qxc4 ({The position would be equal also after} 15. Bxc4 Bc6 16. Ne5 Be4 $11
) 15... Bc6 16. Rac1 (16. Ne5 {wouldn't be too wise as after} Bd5 17. Qc2 c5 {
Black can start to take over the initiative.}) 16... Bxf3 (16... Bd6 {was also
possible, with equal chances.}) 17. gxf3 c6 18. Kh1 $5 {Not a very dangerous
move, but during the game it's always a bit unpleasant to meet a direct attack
on the g-file. I expected that it could convince my opponent to trade the
queens and I felt that it could be not that bad for me.} Qd5 19. e4 Qxc4 {
As expected.} (19... Qh5 20. Be2 {looks like asking for troubles.}) (19... Qd7
$5 20. Be3 g6 {was an interesting option, as it's not so simple to understand
how White may create an attack and Black remain very solid.}) 20. Bxc4 {
Interesting position. Objectively, it's equal, but at the same time, it's very
untypical. The pawn structure is very unusual and both sides have some pluses
- the pawn on a4 is weak, so White can try to make use of it, while the same
can be said about the d4-pawn. It's not to be forgotten that the f2- and
f3-pawns don't really help when it comes to creating the advantage in an
endgame.} Rfd8 21. Be3 Ne8 {There were numerous ways of regrouping the black
pieces, but this one looks ok - bishop goes to f6, while knight is waiting now,
being ready to go to some good square in the future.} ({I also considered} 
21... Nd7 22. Kg2 Nf8 {as a plan for Black, with the idea of} 23. Rfd1 Ng6 {
, but it's quite risky for Black after} 24. f4 {. There is no immediate threat,
but looks unpleasant.}) 22. Rfd1 Bf6 23. Be2 Rd7 24. Rc4 g6 25. Kg2 Bg7 26.
Rdc1 {While Black is improving all the pieces, it's not so simple to say what
White is doing. I wanted to prepare either b3 or attack the pawn on a4 somehow.
} Nd6 27. Rb4 $5 {The only ambitious move here.} Bf8 28. b3 Nb5 ({It was also
possible to go for} 28... axb3 29. Rxb3 Ra4 {but my opponent was afraid that
he may lose a blockade somehow. It's probably not the case here and Black is
just safe.}) 29. Rxa4 Rxa4 30. bxa4 Nxd4 {White's structure is demolished, but
- funnily enough - it's the first moment, for quite a long time, where some
hope arises.} 31. Rd1 {Up to this moment it has been, more or less, a correct
game. Luckily for me, only until Black's next move.} e5 $2 {This move came
with a draw offer as my opponent completely understimated White's potential.} (
{The simplest here was} 31... c5 $1 32. a5 Rd8 $1 {and there is no way to make
progress with White.}) 32. f4 $1 {Of course, now White is using the fact that
knight is tied up and starts the fight fpr the important e5-square.} f6 (32...
Rc7 $1 33. Bc4 Bh6 {was a strong, computer resource, but even here after} 34.
Bxd4 exd4 35. Kf3 {there would be some questions Black would need to answer.})
33. Bc4+ Kh8 (33... Kg7 {was a good alternative, but one must spot that after}
34. fxe5 fxe5 35. f4 {Black can play, the only move!,} Kf6 $1 $11) 34. Rd3 $5 {
I was very happy with this move. I am keeping the pressure on, while defending
the pawn on a3 and consolidating all my pieces.} ({It was interesting to play} 
34. a5 Bxa3 35. fxe5 fxe5 36. Bh6 {creating serious pressure. It not clear if
there is a next step here, but it's easy to blunder, that's for sure.}) ({
The most tempting} 34. fxe5 fxe5 35. f4 {wasn't good because of my opponent's
trap:} Bh6 $1) 34... Rd6 $6 ({Another inaccuracy. The very strong reply was} 
34... b6 {and now Black should be safe, as there is no plan of a4-a5.}) 35.
fxe5 fxe5 36. Bc1 $5 ({Since the most obvious} 36. a5 {wasn't good because of}
Nc2 {I decided, once again, to play a consolidating move.}) 36... h5 $2 ({
It's getting more and more tough to defend here, but with the text it's even
harder to save the half point. There were different moves, but there is no
place where it would be easy:} 36... b6 $5 37. f4 Bg7 38. Bd2 $5 b5 39. axb5
cxb5 40. Bb3 Ra6 41. fxe5 Bxe5 42. Bc3 Nc6 (42... Rxa3 $2 43. Rxd4 $1 {nice
trick!}) 43. Rd8+ $1 Kg7 44. Rd7+ Kh8 45. Bd2 Ra7 46. Rxa7 Nxa7 {and probably
here it's drawish.}) (36... Rd8 37. a5 Kg7 38. Bg5 Ra8 39. Bd2 $14) 37. a5 {
It's an achievement for White - there is a weakness on b7.} (37. Bg5 $2 b5 $1)
37... Kh7 $2 (37... Rd8 {was a must, to avoid problems with the rook.}) 38. Bg5
$1 {All of a sudden, the rook on d6 is placed very unfortunately.} Bg7 (38...
Rd7 39. f4 Be7 40. Bxe7 Rxe7 41. fxe5 Nc2 $1 {was very risky, but probably the
only chance to fight actively.}) 39. Be7 $6 (39. Rd1 $1 {was stronger, as the
rook on d3 is doing nothing, while putting it to b1 is a part of a plan.})
39... Rd7 40. Bc5 Rd8 41. a4 $1 {This is funny to notice that White is
advancing both(!) pawns on the a-file and in the end one of then will be
crucial.} Ra8 42. Bb6 Rf8 $2 (42... g5 $1 {was a sensible defence - it takes
the f4-square under control, so White has fewer options. There are also some
ideas on how to counter-attack the white king.} {Now, probably,} 43. a6 $6 {
is wrong, since after} (43. Rd2 $5 Kg6 44. Rb2 {should probably be an
alternative}) 43... bxa6 44. a5 Kg6 45. Rc3 Bf8 46. Bd3 g4 47. Bxd4 exd4 48.
Rxc6+ Kg5 {there is some pressure, but hardly a winning amount.}) 43. a6 $1
bxa6 44. a5 {White gave up a pawn, but now the pawn on a6 needs permanent care.
} Ra8 (44... Nb5 45. Rd7 {looks like winning.}) 45. f4 {Now Black isn't really
able to keep the knight on d4, so the position falls down.} Ne2 $2 {The final
mistake.} ({The last chance was} 45... Nc2 46. Rd2 Na3 47. Bf7 exf4 48. Rd6 Nb5
49. Bxg6+ Kh6 50. Rxc6 Nd4 51. Rd6 {with good winning chances.}) (45... c5 46.
fxe5 Bxe5 47. Bxc5 Nc6 48. Rd7+ Kh8 (48... Kh6 $2 49. Be3+ g5 50. Bd5 $18) 49.
Bb6 {and I believe it should be winning.}) 46. Rd8 $1 {The exchange of the
rooks allows White to win the a6-pawn and the rest is simple.} Rxd8 (46...
Nxf4+ 47. Kf1 Rxd8 48. Bxd8 {changes nothing.}) 47. Bxd8 Nxf4+ 48. Kf1 Bf8 49.
Bb6 Bd6 (49... Bb4 50. Bxa6 Ne6 51. Bb7 Bc5 (51... Nc5 52. a6 Nxa6 53. Bxa6 $18
) 52. Bxc5 Nxc5 53. Bxc6 g5 54. Bb7 $18) 50. Bxa6 Ne6 51. Bb7 Nc5 52. a6 Nxa6
53. Bxa6 g5 54. h3 Kg6 55. Bc8 c5 56. Bd8 c4 57. Bf5+ Kh6 58. Ke2 Bc5 59. Bf6
Bd4 60. Be7 g4 61. hxg4 1-0

[Event "Olympiad-38"]
[Site "Dresden"]
[Date "2008.11.22"]
[Round "9"]
[White "Fridman, Daniel"]
[Black "Bartel, Mateusz"]
[Result "1-0"]
[WhiteElo "2630"]
[BlackElo "2602"]
[Annotator "Bartel,M"]
[PlyCount "153"]
[EventDate "2008.11.13"]
[EventType "team-swiss"]
[EventRounds "11"]
[EventCountry "GER"]
[SourceTitle "CBM 128"]
[Source "ChessBase"]
[SourceDate "2009.01.28"]
[SourceVersion "1"]
[SourceVersionDate "2009.01.28"]
[SourceQuality "1"]
[WhiteTeam "Germany"]
[BlackTeam "Poland"]
[WhiteTeamCountry "GER"]
[BlackTeamCountry "POL"]

1. d4 Nf6 2. c4 e6 3. g3 ({I had prepared mainly} 3. Nf3 d5 4. Nc3 {so 3. g3
came as a little surprise.}) 3... d5 4. Bg2 dxc4 5. Nf3 Bb4+ 6. Bd2 a5 {
5...Bb4 connected with 6...a5 is not the main plan, which is understandable.
Usually a non-central strategy looks stranger than moves in the centre.} 7. Qc2
({Another option is} 7. O-O {which, after} Nc6 {leads to a complicated
position where White has a serious initiative for the sacrified pawn.}) 7...
Nc6 8. Qxc4 Qd5 9. Qd3 O-O ({The main move here is} 9... Qe4 {which must be
more logical. After} 10. Qxe4 Nxe4 11. a3 (11. Bxb4 Nxb4) 11... Nxd2 (11... Bd6
$5) 12. Nbxd2 Be7 13. Rc1 O-O 14. O-O Rd8 {White has some pressure on the
c-file what is unpleasant but not very dangerous.}) 10. Nc3 Qh5 11. h3 $1 ({
Here} 11. a3 {has been played more often but after} Bxc3 12. Bxc3 (12. bxc3 e5)
12... Rd8 {Black's position was ok.}) 11... Rd8 12. a3 $1 {Surprisingly, this
is a novelty.} Bxc3 $2 ({Much better was} 12... Be7 $1 {which I completely
underestimated. Then Black intends to play ...e5. The most critical answer is}
13. Nb5 {and now Black can start some action in the centre by playing} (13. Bf4
{is not so dangerous as well as Black can play} Bd6) 13... e5 $1 {which is
very strong, because} 14. g4 {achieves nothing due to} e4 $1 15. gxh5 exd3 16.
Nxc7 (16. exd3 Bf5) 16... Rb8 17. h6 dxe2 18. hxg7 Bf5 19. Kxe2 Rd7 20. Bf4 Nh5
21. Bh2 Bd6 22. Bxd6 Rxd6 {and 2 pawns up aren't enough to provide White
sufficient advantage - the activity of the black pieces is impressive.}) 13.
bxc3 {Now Black has long term structural problems. White has a solid centre
and the open b-file.} Qg6 {There is probably nothing better than exchanging
queens.} ({It was easy to lose the queen after} 13... e5 14. g4) 14. Qxg6 hxg6
15. Bg5 $1 {Protecting against ...Ne4.} Rd7 $5 {This looks strange, but has
some positive sides. It is preparing ...Ne4, but also - in contrast to ...Re8
- it's not allowing White to play c4.} ({After} 15... Re8 {white can play} 16.
c4 $1) 16. O-O ({Stronger was} 16. Ne5 {and Black's position is worse after}
Nxe5 17. dxe5 Nd5 18. c4 Nb6 19. c5 Nd5 20. O-O-O a4 21. e4 (21. Bd2 $5 b6 22.
c6 Rd8 23. Bg5 f6) 21... Nc3 22. Rxd7 Bxd7 23. Kb2 Nb5 24. Rd1) 16... Ne4 17.
Rac1 $6 {Bad choice. Playing Rfc1 gave White some important tempi.} Nxg5 18.
Nxg5 {White is slightly better here, although this advantage may be not enough
to achieve the full point. Black must improve his pieces and this will make
White's task more difficult.} Ne7 19. e3 Rb8 20. Rb1 {Now it is visible that
17.Rac1 was just a waste of time.} b6 21. c4 Rd8 $1 {A good defensive move.
The rook from d7 will be best posted on the 8th rank where it is connected
with the rook from b8. Another plus is the activation of the bishop from c8.}
22. Rfc1 Bd7 $6 ({I was thinking about} 22... f6 {. Unfortunately I was scared
that it can creates some weaknesess. The truth is different - after ...f6
Black gains some space and there is no way for White to exploit the weaker
position of the e6-pawn.}) 23. Ne4 ({I completely overlooked that White can
play} 23. d5 $5 {which is a nice attempt to open the position, but to be
honest there is no reason for Black to worry after} exd5 24. cxd5 Be8) 23...
Bc6 24. Nc3 Bxg2 25. Kxg2 {Finally Black was able to exchange his weaker
bishop. The position after that should be easier, but White still has some
pressure on the queenside.} Nf5 26. Rc2 Kf8 {The king is coming.} 27. g4 Nd6
28. Na4 Ke8 29. Kf3 (29. c5 {is offering nothing after} bxc5 30. Rxb8 Rxb8 31.
Rxc5 Rb3) 29... Rdc8 (29... Kd7 $2 30. c5) 30. Rbb2 b5 $5 {An interesting
decision which is finally solving Black's problems with lack of space. That
deal is not free of charge - now Black will have two weak pawns: c7 and a5,
but they are protectable.} ({More patient was} 30... Kd8) 31. cxb5 Rxb5 {
Fewer pieces, fewer problems.} 32. Ra2 {White is not in the mood to exchange
rooks.} Kd8 33. Nc5 Rcb8 34. Nd3 g5 $1 {Now Black will need to exchange pawns,
in doing which he will try to get some space. Also the h3-pawn can be a
weakness at some later stages.} 35. Ne5 Ra8 {The passive position of the black
pieces is not a big problem, when all the weaknesess are protected.} 36. a4 Rb6
37. Rc5 f6 $1 38. Nc6+ Kd7 39. Nxa5 {Until this moment I had defended myself
more or less well. Not there is big blunder coming.} Rba6 $4 {A real moment of
chess blindness.} ({There was really no problem to calculate that after} 39...
Rb4 {White can't improve, e.g.} 40. d5 (40. Rac2 Ne8 41. d5 Rxa4 42. dxe6+ Kxe6
) 40... Ne4 41. dxe6+ Kxe6 42. Rc4 Rxc4 43. Nxc4 Nc3 44. Ra3 Nxa4 {and a draw
is inevitable.}) 40. Nb3 Rxa4 41. Rxa4 Rxa4 {I was happy to achieve this
position and it was only after my opponent's answer that I realised what I'd
done....} 42. Rxg5 $1 {Missing such tricks at GM level is really a shame. I
was also not very happy to see that a draw in my game was a key result for a
win in the match versus Germany!} fxg5 43. Nc5+ Ke7 44. Nxa4 {Black is
completely hopeless. I decided to play fast and started to look for some traps.
..} Nf7 45. Ke4 Nd6+ 46. Kd3 Nf7 47. Nc5 {I think that Mr. Fridman was too
relaxed at this moment (which I can pretty well understand).} ({During the game
} 47. f4 {scared me more, because I couldn't find a way to stop the pawns after
} gxf4 48. exf4 g5 49. Ke4) 47... e5 48. d5 Nd6 49. f3 g6 50. Kc3 $2 {Of
course, this move does not lose the advantage, but it it creates some chances
for Black.} ({Better was} 50. e4 {which protects the d5-pawn and makes Ne6
possible.}) 50... Nc8 $1 {The only chance. Now Black's aim is to exchange the
c7-pawn.} 51. e4 $2 {Mistake after mistake.} (51. Kb4 {was protecting the
knight and after} c6 52. dxc6 Kd6 53. Ne4+ Kxc6 54. Nxg5 {White is winning.})
51... c6 $1 52. dxc6 Na7 53. Kc4 $1 {An important decision. GM Fridman
precisely calculated that there is nothing better.} ({White could have played} 
53. c7 Nb5+ 54. Kb4 Nxc7 55. Kc4 Kd6 56. Nb7+ Ke7 {and there is probably no
way to make progress for him.}) 53... Nxc6 54. Kd5 Nd4 55. Nd3 (55. Kxe5 $2
Nxf3+ 56. Kd5 Ng1) 55... Nxf3 56. Nxe5 Ng1 57. h4 gxh4 58. Nxg6+ Kf6 59. Nxh4
Kg5 60. e5 $1 {This is the position which Daniel Fridman saw when he played 53.
Kc4. I thought that this endgame is drawish - the pawn on g4 is almost lost
and the knight on g1 is not so far away from the e5-pawn. I was wrong...} Ne2
61. Ng2 $1 Nc3+ 62. Kd4 $4 {After a series of good moves the German GM makes a
horrible blunder, which misses the victory!} ({Better was} 62. Kc6 {(or some
other move with the king taking the b5-square under control)} Ne4 (62... Kxg4
63. e6 Ne4 64. e7 {and as in the game Black is lost.}) 63. Ne3 {and the game
is over.}) 62... Nb5+ 63. Kc5 Kxg4 $2 {Now with something like 15 minutes on
my clock I took the pawn almost immediately. I mainly considered 64.Ne3 as a
reply...} ({Tablebases show the draw - not easy at all - after} 63... Nc7 64.
Ne3 (64. Kd6 Ne8+ 65. Ke7 Kxg4 $1) 64... Ne8 $3 65. Kd4 Ng7 (65... Kf4 $2 66.
e6) 66. Ke4 Ne6 67. Kf3 (67. Kd5 Ng7) 67... Nd4+ 68. Kg3 Ne2+ {and there is no
way to improve White's position. Funny!}) 64. e6 Nc7 65. e7 Kf5 66. Kd6 {
That's what I overlooked playing 63...Kxg4. It's hard to explain why I
calculated just 66.Kc6...} Ne8+ 67. Kd7 {Black is lost here. White will
finally find a way to create a zugwang.} Ng7 68. Ne3+ Ke5 69. Nc4+ Kf6 70. Nd6
Ke5 71. Nf7+ Kf5 72. Nd6+ Ke5 73. Nb7 Kf5 74. Nc5 Nh5 75. Ke8 Kg6 76. Ne6 Kf6 (
76... Nf6+ 77. Kd8 Kf7 (77... Kf5 78. Nf8 Kg5 79. Nd7) 78. Ng5+ Kg6 79. Ne4)
77. Kf8 1-0

[Event "Moscow"]
[Site "Moscow"]
[Date "1981.04.??"]
[Round "11"]
[White "Smejkal, Jan"]
[Black "Polugaevsky, Lev"]
[Result "1/2-1/2"]
[WhiteElo "2535"]
[BlackElo "2620"]
[Annotator "Belov,I"]
[PlyCount "81"]
[EventDate "1981.04.08"]
[EventType "tourn"]
[EventRounds "13"]
[EventCountry "URS"]
[EventCategory "15"]
[SourceTitle "MCL"]
[Source "ChessBase"]
[SourceDate "1999.07.01"]
[SourceVersion "1"]
[SourceVersionDate "1999.07.01"]
[SourceQuality "1"]

1. c4 Nf6 2. g3 e6 3. Bg2 d5 4. d4 Bb4+ 5. Bd2 Be7 6. Nf3 O-O 7. O-O c6 8. Qc2
Nbd7 (8... b6) 9. cxd5 (9. Rd1 b6 (9... Ne4 10. Nc3 f5 11. Nxe4 fxe4 12. Ne1
Nb6 13. b3 Bf6 $13 {Andersson,U-Salov,V/Brussels/1988/0,5 (61) Inf 45/624/})
10. Be1 Bb7 11. Nbd2 c5 12. cxd5 Nxd5 13. Rac1 cxd4 14. Nxd4 Rc8 $10 {
Andersson,U-Polugaevsky,L/Bugojno/1980/Inf 31/(650)/}) 9... cxd5 10. Rc1 b6 11.
Qa4 (11. Bf4 Bb7 12. Bc7 Qe8 13. Nbd2 Rc8 14. Qa4) 11... Bb7 12. Na3 $6 a6 13.
Bb4 Bxb4 14. Qxb4 Rc8 15. Ne5 Nxe5 16. dxe5 Nd7 17. Qd6 (17. f4 f6 18. exf6
Qxf6 $13) (17. Qd4 Qe7 18. f4 Rc5 $13) 17... Nc5 18. Qxd8 Rfxd8 $15 {>< Na3/}
19. f4 Na4 $1 20. b3 Nc3 21. Kf1 a5 $5 {/\ Ba6/} 22. Nc2 Ba6 (22... f6 23. exf6
gxf6 24. Nd4 Kf7 25. Bh3 $132) 23. Nd4 Rc5 24. Ke1 Kf8 25. a3 Rdc8 26. Kd2 Nb5
27. Nxb5 Bxb5 28. e3 Ke7 29. b4 axb4 30. axb4 Rc4 (30... Rxc1 31. Rxc1 Ra8 $5)
31. Rxc4 Rxc4 32. Rb1 (32. Ra7+ $6 Bd7 $17) 32... Rc7 33. Ra1 $1 h6 34. Bf3 Rc4
35. Ra7+ $1 (35. Rb1 Ba4 36. Rb2 b5 $15) 35... Bd7 36. Be2 Rxb4 $8 37. Kc3 Rb1
38. Kc2 Rb4 39. Kc3 Rb1 40. Bd3 (40. Kc2 $10) 40... Rc1+ 41. Kb2 (41. Kb2 Rc5
$8 42. Rb7 b5 43. Kb3 Kd8 44. Kb4 $10) 1/2-1/2